|
|
|
|
| LEADER |
00000nam0a2200000 4500 |
| 001 |
292523 |
| 005 |
20231102000514.0 |
| 020 |
|
|
|a RU
|b 84-22503
|
| 035 |
|
|
|a (RuTPU)RU\TPU\book\317156
|
| 090 |
|
|
|a 292523
|
| 100 |
|
|
|a 20150423d1984 k y0rusy5003 ca
|
| 101 |
0 |
|
|a rus
|
| 102 |
|
|
|a RU
|
| 105 |
|
|
|a a z 001zy
|
| 200 |
1 |
|
|a Атлантический океан
|f Академия наук СССР (АН СССР), Дальневосточный научный центр (ДНЦ), Тихоокеанский институт географии (ТИГ) ; Академия наук СССР (АН СССР), Институт океанологии им. П. П. Ширшова (ИО) ; Московский государственный университет им. М. В. Ломоносова (МГУ) ; под ред. В. Г. Корта; С. С. Сальникова
|
| 210 |
|
|
|a Ленинград
|c Наука
|d 1984
|
| 215 |
|
|
|a 590 с.
|c ил.
|
| 225 |
1 |
|
|a География Мирового океана
|
| 320 |
|
|
|a Библиогр.: с. 542-561
|
| 320 |
|
|
|a Указатель географических названий: с. 562-585
|
| 606 |
|
|
|a География
|2 stltpush
|3 (RuTPU)RU\TPU\subj\5918
|9 33902
|
| 606 |
|
|
|a Мировой океан
|2 stltpush
|3 (RuTPU)RU\TPU\subj\44108
|9 63482
|
| 610 |
1 |
|
|a Атлантический океан
|
| 610 |
1 |
|
|a физико-географические характеристики
|
| 610 |
1 |
|
|a биологические характеристики
|
| 610 |
1 |
|
|a дно
|
| 610 |
1 |
|
|a рельеф
|
| 610 |
1 |
|
|a геологическое строение
|
| 610 |
1 |
|
|a берега
|
| 610 |
1 |
|
|a острова
|
| 610 |
1 |
|
|a климат
|
| 610 |
1 |
|
|a гидрология
|
| 610 |
1 |
|
|a особенности
|
| 610 |
1 |
|
|a вода
|
| 610 |
1 |
|
|a химия
|
| 610 |
1 |
|
|a биология
|
| 610 |
1 |
|
|a физико-географическое районирование
|
| 610 |
1 |
|
|a политическая карта
|
| 610 |
1 |
|
|a экономические провинции
|
| 675 |
|
|
|a 91
|v 3
|
| 675 |
|
|
|a 551.461
|v 3
|
| 702 |
|
1 |
|a Корт
|b В. Г.
|g Владимир Григорьевич
|4 340
|
| 702 |
|
1 |
|a Сальников
|b С. С.
|4 340
|
| 712 |
0 |
2 |
|a Академия наук СССР (АН СССР)
|b Дальневосточный научный центр (ДНЦ)
|b Тихоокеанский институт географии (ТИГ)
|c (Владивосток)
|2 stltpush
|3 (RuTPU)RU\TPU\col\11517
|
| 712 |
0 |
2 |
|a Академия наук СССР (АН СССР)
|b Институт океанологии им. П. П. Ширшова (ИО)
|c (Москва)
|2 stltpush
|3 (RuTPU)RU\TPU\col\6016
|
| 712 |
0 |
2 |
|a Московский государственный университет им. М. В. Ломоносова (МГУ)
|2 stltpush
|3 (RuTPU)RU\TPU\col\7
|
| 801 |
|
0 |
|a RU
|b RuMRKP
|c 19950704
|g psbo
|
| 801 |
|
1 |
|a RU
|b 63413507
|c 20150423
|
| 801 |
|
2 |
|a RU
|b 63413507
|c 20181220
|g RCR
|
| 942 |
|
|
|c BK
|